| 000 | 00749nam a22001697a 4500 | ||
|---|---|---|---|
| 003 | BD-ChCU | ||
| 005 | 20240103091654.0 | ||
| 008 | 240103b bg ||||| |||| 00| 0 ben d | ||
| 040 | _cBD-ChCU | ||
| 082 |
_222 _a২০০.০১ ফারু ৩২ ই |
||
| 100 |
_aফারুক, সৈয়দ বদিউজ্জামান _93861 |
||
| 245 |
_aইসলামের উত্তরাধুনিক দর্শন / _cসৈয়দ বদিউজ্জামান ফারুক |
||
| 260 |
_aসিলেট : _bইঞ্জিনিয়ার আজিজুল বারী, _cc২০১৫ |
||
| 300 |
_a৫৮পৃ. : _c22 cm. |
||
| 650 | 0 |
_aইসলাম দর্শন ইসলাম _93862 |
|
| 942 |
_2ddc _cBK _n0 |
||
| 999 |
_c103498 _d103498 |
||